[Event "Wch Blitz"]
[Site "Almaty"]
[Date "2022.12.30"]
[Round "13"]
[White "Yudin, Sergei"]
[Black "Harsha, Bharathakoti"]
[Result "0-1"]
[WhiteElo "2599"]
[BlackElo "2527"]
[PlyCount "94"]
[EventDate "2022.12.29"]
[EventType "swiss (blitz)"]
[EventRounds "21"]
[EventCountry "KAZ"]
[SourceTitle "CBM 212"]
[Source "ChessBase"]
[SourceDate "2023.02.28"]
[SourceVersion "1"]
[SourceVersionDate "2023.02.28"]
[SourceQuality "1"]

1. e4 c5 2. Nf3 Nc6 3. Bb5 e5 4. 0-0 Bd6 5. c3 a6 6. Ba4 b5 7. Bc2 Nge7 8. a4 b4 9. d4 bxc3 10. dxe5 cxb2 11. Bxb2 Bc7 12. Na3 0-0 13. Nc4 Ng6 14. Bc3 Qe7 15. Nd6 Ncxe5 16. Nf5 Qe8 17. Nd2 f6 18. f4 Nc6 19. Bb3+ Kh8 20. Qg4 d6 21. Bd5 Rb8 22. Rae1 Nce7 23. Nc4 Nxd5 24. exd5 Qd8 25. Qh5 Rb3 26. Ba1 Rb4 27. Re4 Re8 28. Nh6 Rf8 29. Rfe1 Bd7 30. Nf5 Qc8 31. Nfxd6 Bxd6 32. Nxd6 Qb8 33. Rxb4 cxb4 34. Nf5 Qxf4 35. Ng3 b3 36. Qe2 Qd6 37. Kh1 Rb8 38. Bb2 Qxd5 39. Rd1 Qe6 40. Qd2 Bxa4 41. Re1 Qd7 42. Qa5 Bc6 43. Qc3 Nf4 44. Nf5 Bxg2+ 45. Kg1 Qxf5 46. Qe3 h6 47. Bc1 Bc6 0-1

[Event "Wch Blitz"]
[Site "Almaty"]
[Date "2022.12.29"]
[Round "7"]
[White "Yudin, Sergei"]
[Black "Artemiev, Vladislav"]
[Result "0-1"]
[WhiteElo "2599"]
[BlackElo "2803"]
[PlyCount "88"]
[EventDate "2022.12.29"]
[EventType "swiss (blitz)"]
[EventRounds "21"]
[EventCountry "KAZ"]
[SourceTitle "CBM 212"]
[Source "ChessBase"]
[SourceDate "2023.02.28"]
[SourceVersion "1"]
[SourceVersionDate "2023.02.28"]
[SourceQuality "1"]

1. e4 c5 2. Nf3 e6 3. c3 d5 4. exd5 Qxd5 5. d4 Nf6 6. Bd3 Be7 7. 0-0 0-0 8. Be3 Rd8 9. Qe2 Nc6 10. Rd1 cxd4 11. cxd4 Nb4 12. Nc3 Qh5 13. Bc4 b6 14. a3 Nbd5 15. Rac1 Nxc3 16. Rxc3 Bb7 17. Ne5 Qxe2 18. Bxe2 Nd5 19. Rc2 Bd6 20. Rdc1 f6 21. Nc6 Rd7 22. Bf3 a5 23. Bxd5 exd5 24. g3 g5 25. Kg2 Ba6 26. Rc3 Re8 27. h3 Kg7 28. Rb3 Rb7 29. Rbc3 Kg6 30. Nxa5 bxa5 31. Rc6 Bc4 32. Rxd6 Rxb2 33. Rc3 Rb1 34. g4 Reb8 35. Bd2 Rd1 36. Bc1 Rb3 37. Rxb3 Bxb3 38. Bb2 Rd3 39. Ra6 a4 40. Rc6 Rd2 41. Bc3 Rc2 42. Rc5 Bc4 43. Bb4 h5 44. Rc6 Bf1+ 0-1

[Event "Wch Blitz"]
[Site "Almaty"]
[Date "2022.12.29"]
[Round "5"]
[White "Yudin, Sergei"]
[Black "Fedoseev, Vladimir"]
[Result "0-1"]
[WhiteElo "2599"]
[BlackElo "2733"]
[PlyCount "48"]
[EventDate "2022.12.29"]
[EventType "swiss (blitz)"]
[EventRounds "21"]
[EventCountry "KAZ"]
[SourceTitle "CBM 212"]
[Source "ChessBase"]
[SourceDate "2023.02.28"]
[SourceVersion "1"]
[SourceVersionDate "2023.02.28"]
[SourceQuality "1"]

1. e4 c5 2. Nf3 e6 3. c3 Nf6 4. e5 Nd5 5. g3 d6 6. exd6 Bxd6 7. Bg2 0-0 8. 0-0 Nf6 9. d4 cxd4 10. Nxd4 a6 11. c4 Qc7 12. Qe2 e5 13. Nc2 Bg4 14. f3 Be6 15. b3 Nc6 16. Bb2 Rfe8 17. Kh1 Bf5 18. Ne3 Nd4 19. Qf2 Bc5 20. Qe1 Bd3 21. Rf2 e4 22. f4 Nf3 23. Qc1 Bxe3 24. Qxe3 Ng4 0-1

[Event "Wch Blitz"]
[Site "Almaty"]
[Date "2022.12.29"]
[Round "1"]
[White "Yudin, Sergei"]
[Black "Suleymenov, Alisher"]
[Result "1-0"]
[WhiteElo "2599"]
[BlackElo "2351"]
[PlyCount "57"]
[EventDate "2022.12.29"]
[EventType "swiss (blitz)"]
[EventRounds "21"]
[EventCountry "KAZ"]
[SourceTitle "CBM 212"]
[Source "ChessBase"]
[SourceDate "2023.02.28"]
[SourceVersion "1"]
[SourceVersionDate "2023.02.28"]
[SourceQuality "1"]

1. e4 c5 2. Nf3 d6 3. Bb5+ Nd7 4. 0-0 a6 5. Bd3 Ngf6 6. Re1 e6 7. c3 b5 8. Bc2 c4 9. a4 Bb7 10. axb5 axb5 11. Rxa8 Qxa8 12. Na3 Bxe4 13. Bxe4 Nxe4 14. Nxb5 Qb7 15. Nfd4 Be7 16. d3 cxd3 17. Qxd3 d5 18. f3 Nef6 19. Kh1 0-0 20. b4 Rc8 21. Nf5 exf5 22. Rxe7 Kf8 23. Nd6 Qc6 24. Nxc8 Qxc8 25. Re1 Nb6 26. Be3 Nc4 27. Bd4 Qc6 28. Bxf6 Qxf6 29. Qxd5 1-0

[Event "Wch Rapid"]
[Site "Almaty"]
[Date "2022.12.27"]
[Round "9"]
[White "Paravyan, David"]
[Black "Yudin, Sergei"]
[Result "1/2-1/2"]
[WhiteElo "2609"]
[BlackElo "2454"]
[PlyCount "198"]
[EventDate "2022.12.26"]
[EventType "swiss (rapid)"]
[EventRounds "13"]
[EventCountry "KAZ"]
[SourceTitle "CBM 212"]
[Source "ChessBase"]
[SourceDate "2023.02.28"]
[SourceVersion "1"]
[SourceVersionDate "2023.02.28"]
[SourceQuality "1"]

1. e4 d6 2. d4 Nf6 3. Nc3 e5 4. Nf3 Nbd7 5. Bc4 Be7 6. 0-0 0-0 7. h3 c6 8. a4 a5 9. Re1 exd4 10. Qxd4 Nc5 11. Be3 Ncxe4 12. Nxe4 d5 13. Nxf6+ Bxf6 14. Qf4 dxc4 15. Rad1 Qe7 16. Qxc4 Qc7 17. Bc5 Be6 18. Rxe6 fxe6 19. Bxf8 Rxf8 20. Qxe6+ Qf7 21. Qxf7+ Rxf7 22. b3 b5 23. g4 h6 24. Re1 Rd7 25. Kg2 Rd5 26. Re4 Kf7 27. Kg3 Rd1 28. h4 Rc1 29. Re2 Ra1 30. g5 hxg5 31. hxg5 Bc3 32. Re3 Bb2 33. Ne5+ Bxe5+ 34. Rxe5 bxa4 35. Rxa5 a3 36. Kf4 a2 37. Ra6 g6 38. b4 Ke7 39. Kf3 Kd7 40. Kg2 Rb1 41. Rxa2 Rxb4 42. Kg3 Rc4 43. f4 Ke7 44. Kg4 Rc3 45. Rb2 Kf7 46. Rb7+ Kf8 47. Rb8+ Kf7 48. Rb2 Kf8 49. Ra2 Kf7 50. Ra7+ Kf8 51. Ra4 Rxc2 52. Kf3 Rc5 53. Ke4 Kf7 54. Ra7+ Kf8 55. Rd7 Kg8 56. Rd6 Kf7 57. Rf6+ Kg7 58. Kd4 Rd5+ 59. Kc4 Ra5 60. Kd4 Rd5+ 61. Ke3 Rc5 62. Ke4 Kh7 63. Kd4 Rd5+ 64. Kc3 Rc5+ 65. Kb3 Kg7 66. Kb4 Rb5+ 67. Kc4 Ra5 68. Kd3 Rd5+ 69. Ke3 Rc5 70. Ke4 Kh7 71. Rf7+ Kg8 72. Rc7 Kf8 73. Ke3 Kg8 74. Rd7 Kf8 75. Kd4 Rf5 76. Ke4 Rc5 77. Rb7 Kg8 78. Ra7 Kf8 79. Ra4 Kf7 80. Ra7+ Kf8 81. Rc7 Kg8 82. Re7 Kf8 83. Re6 Kf7 84. Rf6+ Kg7 85. Kd4 Rd5+ 86. Kc4 Ra5 87. Rxc6 Ra4+ 88. Kd5 Rxf4 89. Rc7+ Kg8 90. Kd6 Rf5 91. Rc5 Kf7 92. Rd5 Rf1 93. Re5 Rf5 94. Rxf5+ gxf5 95. Ke5 Kg6 96. Kf4 Kg7 97. Kxf5 Kf7 98. Ke4 Kg6 99. Kd3 Kxg5 1/2-1/2

[Event "Almaty Academy IM 12"]
[Site "Almaty"]
[Date "2022.12.09"]
[Round "4"]
[White "Yudin, Sergei"]
[Black "Matevosyan, Sedrak"]
[Result "1-0"]
[WhiteElo "2469"]
[BlackElo "2176"]
[PlyCount "83"]
[EventDate "2022.12.07"]
[EventType "tourn"]
[EventRounds "9"]
[EventCountry "KAZ"]
[EventCategory "1"]
[SourceTitle "CBM 211 Extra"]
[Source "ChessBase"]
[SourceDate "2023.01.31"]
[SourceVersion "1"]
[SourceVersionDate "2023.01.31"]
[SourceQuality "1"]

1. e4 c5 2. Nf3 d6 3. c3 Nf6 4. h3 g6 5. Bd3 Bg7 6. 0-0 Nc6 7. Bc2 0-0 8. d4 cxd4 9. cxd4 e5 10. d5 Ne7 11. Nc3 Nh5 12. Be3 h6 13. Re1 f5 14. exf5 Nxf5 15. Bxf5 Bxf5 16. g4 Bd7 17. gxh5 Bxh3 18. Nh2 Qh4 19. Kh1 Rf5 20. Qa4 e4 21. Qxe4 Qxh5 22. Ne2 Re5 23. Qf3 Qh4 24. Rad1 Rh5 25. Qg3 Qe4+ 26. f3 Qf5 27. Qf2 Qf6 28. Nf4 Rh4 29. Nxh3 Rxh3 30. Bd4 Qf5 31. Bxg7 Kxg7 32. Qd4+ Kg8 33. Qg4 Rf8 34. Qxf5 Rxf5 35. Kg2 Rhh5 36. Re8+ Kf7 37. Rde1 Rxd5 38. R1e7+ Kf6 39. Ng4+ Kg5 40. Kg3 Rf5 41. Re6 Rh1 42. Rg8 1-0

[Event "Cheliabinsk Kurnosov Memorial Rapid-A"]
[Site "Cheliabinsk"]
[Date "2022.09.11"]
[Round "11"]
[White "Yudin, Sergei"]
[Black "Rublevsky, Sergei"]
[Result "0-1"]
[WhiteElo "2469"]
[BlackElo "2637"]
[PlyCount "186"]
[EventDate "2022.09.09"]
[EventType "swiss (rapid)"]
[EventRounds "11"]
[EventCountry "RUS"]
[SourceTitle "CBM 210 Extra"]
[Source "ChessBase"]
[SourceDate "2022.11.30"]
[SourceVersion "1"]
[SourceVersionDate "2022.11.30"]
[SourceQuality "1"]

1. e4 c5 2. Nf3 e6 3. g3 d5 4. exd5 exd5 5. d4 Nf6 6. Bg2 Be7 7. 0-0 0-0 8. Nc3 Nc6 9. h3 Ne4 10. Ne2 c4 11. b3 cxb3 12. axb3 Bf6 13. Bb2 Bf5 14. Nf4 Re8 15. Ne5 Nxe5 16. dxe5 Bxe5 17. Bxe5 Rxe5 18. Qd4 f6 19. Rxa7 Rxa7 20. Qxa7 Qc8 21. g4 Bg6 22. c4 dxc4 23. bxc4 Qxc4 24. Qxb7 Nc3 25. Nxg6 hxg6 26. Bf3 Nb5 27. Qc6 Qxc6 28. Bxc6 Nd4 29. Bg2 Ne2+ 30. Kh2 Nf4 31. Kg3 g5 32. Bf3 Rc5 33. Re1 Rc3 34. h4 Ng6 35. hxg5 Ne5 36. Re3 Rxe3 37. fxe3 fxg5 38. Bd5+ Kf8 39. Bf3 Ke7 40. Kf2 Kd6 41. e4 Kc5 42. Bd1 Kd4 43. Kg3 Kxe4 44. Bc2+ Ke3 45. Bf5 Nc4 46. Bc8 Nd6 47. Bd7 Ne4+ 48. Kg2 Kf4 49. Bc8 Nd6 50. Be6 Nb5 51. Bd7 Nc3 52. Bc8 Nd5 53. Be6 Ne3+ 54. Kh3 Kf3 55. Bc8 Nc4 56. Bb7+ Kf2 57. Bd5 Nd6 58. Bc6 Ke3 59. Bd5 Ne4 60. Kg2 Kf4 61. Be6 Nf6 62. Kh3 Kf3 63. Bc8 Ne4 64. Bb7 Kf4 65. Kg2 Nf6 66. Bc6 Nxg4 67. Bb7 Ne3+ 68. Kf2 g4 69. Bc6 g3+ 70. Kg1 Nf5 71. Bb7 Nh4 72. Bc6 Kg4 73. Bb7 Nf3+ 74. Kg2 Ne1+ 75. Kg1 Nd3 76. Bc8+ Kh4 77. Bb7 Nf4 78. Bc6 Kg4 79. Bd7+ Kf3 80. Bc6+ Ke3 81. Bb7 Ng6 82. Kg2 Kf4 83. Kg1 Ne7 84. Kg2 Nf5 85. Kg1 Ne3 86. Bc6 Ng4 87. Kg2 Nf6 88. Bb7 Kg4 89. Bc6 Nh5 90. Bb7 Nf4+ 91. Kg1 Kh4 92. Bc6 g5 93. Bb7 Kh3 0-1

[Event "RUS-chT2"]
[Site "Sochi"]
[Date "2021.05.08"]
[Round "7.2"]
[White "Yudin, Sergei"]
[Black "Obgolts, Erik"]
[Result "1/2-1/2"]
[WhiteElo "2468"]
[BlackElo "2417"]
[PlyCount "49"]
[EventDate "2021.05.01"]
[EventType "team-swiss"]
[EventRounds "9"]
[EventCountry "RUS"]
[SourceTitle "CBM 202 Extra"]
[Source "ChessBase"]
[SourceDate "2021.07.31"]
[SourceVersion "1"]
[SourceVersionDate "2021.07.31"]
[SourceQuality "1"]
[WhiteTeam "Sverdlovsk Region PShK"]
[BlackTeam "Novosibirsk Region NSTU"]
[WhiteTeamCountry "RUS"]
[BlackTeamCountry "RUS"]

1. e4 c5 2. Nf3 Nc6 3. d4 cxd4 4. Nxd4 e5 5. Nb5 d6 6. N1c3 a6 7. Na3 b5 8. Nd5 Nf6 9. Bg5 Qa5+ 10. Bd2 Qd8 11. Bg5 Qa5+ 12. Bd2 Qd8 13. Bg5 Be7 14. Bxf6 Bxf6 15. c3 Rb8 16. Nc2 Bg5 17. a4 bxa4 18. Ncb4 Nxb4 19. cxb4 Bd7 20. Bxa6 0-0 21. h4 Be7 22. b5 Bxb5 23. Bxb5 Rxb5 24. g3 Rxb2 25. 0-0 1/2-1/2

[Event "RUS-chT2"]
[Site "Sochi"]
[Date "2021.05.01"]
[Round "1.4"]
[White "Yudin, Sergei"]
[Black "Eyvazov, Elkhan"]
[Result "1-0"]
[WhiteElo "2468"]
[BlackElo "2137"]
[PlyCount "71"]
[EventDate "2021.05.01"]
[EventType "team-swiss"]
[EventRounds "9"]
[EventCountry "RUS"]
[SourceTitle "CBM 202 Extra"]
[Source "ChessBase"]
[SourceDate "2021.07.31"]
[SourceVersion "1"]
[SourceVersionDate "2021.07.31"]
[SourceQuality "1"]
[WhiteTeam "Sverdlovsk Region PShK"]
[BlackTeam "Omsk Boiling point"]
[WhiteTeamCountry "RUS"]
[BlackTeamCountry "RUS"]

1. e4 g6 2. d4 Bg7 3. c3 d6 4. Nf3 Nf6 5. Bd3 Nc6 6. d5 Nb8 7. c4 0-0 8. Nc3 Na6 9. 0-0 Nc5 10. Bc2 a5 11. h3 c6 12. Be3 Ncd7 13. Nd4 c5 14. Ndb5 Nb6 15. Qe2 Nfd7 16. a4 Nb8 17. Rad1 Na6 18. f4 f5 19. exf5 Bxf5 20. Bxf5 Rxf5 21. b3 Qd7 22. Ne4 h6 23. Qg4 Kh7 24. Ng3 h5 25. Qe2 Rf7 26. f5 gxf5 27. Qxh5+ Kg8 28. Nxf5 Qe8 29. Rf3 Rxf5 30. Qxf5 Nd7 31. Rg3 Kh8 32. Qg5 Qg8 33. Qxe7 Nf6 34. Bh6 Ne8 35. Bxg7+ Nxg7 36. Nxd6 1-0

[Event "Barnaul Kura Memorial"]
[Site "Barnaul"]
[Date "2021.02.27"]
[Round "2"]
[White "Fomkin, Dmitry"]
[Black "Yudin, Sergei"]
[Result "0-1"]
[WhiteElo "1975"]
[BlackElo "2484"]
[PlyCount "74"]
[EventDate "2021.02.27"]
[EventType "swiss (rapid)"]
[EventRounds "11"]
[EventCountry "RUS"]
[SourceTitle "CBM 200 Extra"]
[Source "ChessBase"]
[SourceDate "2021.03.31"]
[SourceVersion "1"]
[SourceVersionDate "2021.03.31"]
[SourceQuality "1"]

1. e4 d6 2. d4 Nf6 3. Nc3 e5 4. Nf3 Nbd7 5. Bc4 Be7 6. 0-0 0-0 7. a4 c6 8. h3 h6 9. Be3 Re8 10. Qe2 exd4 11. Bxd4 Bf8 12. Rad1 d5 13. Bd3 Bc5 14. Rfe1 Bxd4 15. Nxd4 c5 16. Nf5 c4 17. Nxd5 cxd3 18. Qxd3 Nxd5 19. Qxd5 Qg5 20. Nd6 Qxd5 21. exd5 Rd8 22. Re7 Nf6 23. Nb5 Kf8 24. Re5 Bd7 25. Nc7 Rac8 26. d6 Bxa4 27. b3 Rxc7 28. bxa4 Rxc2 29. a5 Rc6 30. Rb5 Rcxd6 31. Rxd6 Rxd6 32. Rxb7 Rd7 33. Rb8+ Ke7 34. a6 Nd5 35. Rb7 Kd6 36. Rb5 Nc7 37. Ra5 Kc6 0-1

[Event "Barnaul Kura Memorial"]
[Site "Barnaul"]
[Date "2021.02.27"]
[Round "5"]
[White "Volkov, Sergey"]
[Black "Yudin, Sergei"]
[Result "0-1"]
[WhiteElo "2557"]
[BlackElo "2484"]
[PlyCount "102"]
[EventDate "2021.02.27"]
[EventType "swiss (rapid)"]
[EventRounds "11"]
[EventCountry "RUS"]
[SourceTitle "CBM 200 Extra"]
[Source "ChessBase"]
[SourceDate "2021.03.31"]
[SourceVersion "1"]
[SourceVersionDate "2021.03.31"]
[SourceQuality "1"]

1. d4 d5 2. c4 e6 3. Nc3 a6 4. cxd5 exd5 5. Qb3 c5 6. Nxd5 Be6 7. e4 Nc6 8. Nf3 cxd4 9. Bd2 Rb8 10. Ng5 Bd6 11. Nxe6 fxe6 12. Nf4 e5 13. Nh5 Qe7 14. Bc4 Nf6 15. Nxf6+ Qxf6 16. 0-0 Ke7 17. Rac1 Rhc8 18. Bd5 Nd8 19. Rxc8 Rxc8 20. Ba5 b5 21. Qh3 Ne6 22. Qxh7 Nf4 23. g3 Qg5 24. Kh1 Nxd5 25. exd5 Kf6 26. f3 Qf5 27. Qh4+ g5 28. Qh5 e4 29. Qh6+ Ke5 30. Qg7+ Kxd5 31. Qb7+ Rc6 32. fxe4+ Qxe4+ 33. Kg1 Qe3+ 34. Rf2 Qe7 35. Qa8 Qe6 36. Bd2 d3 37. b4 Qc8 38. Qa7 Be5 39. Qe3 Qg4 40. Qxd3+ Qd4 41. Qf5 Rf6 42. Qd7+ Kc4 43. Qc8+ Kd3 44. Be1 Qe3 45. Qc2+ Kd4 46. Bc3+ Qxc3 47. Qd1+ Qd3 48. Rd2 Rf1+ 49. Qxf1 Qxd2 50. Qf5 Qe3+ 51. Kf1 Qd3+ 0-1

[Event "Barnaul Kura Memorial"]
[Site "Barnaul"]
[Date "2021.02.27"]
[Round "6"]
[White "Yudin, Sergei"]
[Black "Guzikov, Danil"]
[Result "1-0"]
[WhiteElo "2484"]
[BlackElo "2236"]
[PlyCount "65"]
[EventDate "2021.02.27"]
[EventType "swiss (rapid)"]
[EventRounds "11"]
[EventCountry "RUS"]
[SourceTitle "CBM 200 Extra"]
[Source "ChessBase"]
[SourceDate "2021.03.31"]
[SourceVersion "1"]
[SourceVersionDate "2021.03.31"]
[SourceQuality "1"]

1. e4 e5 2. Nf3 Nc6 3. Bc4 Bc5 4. d3 Nf6 5. 0-0 0-0 6. Nbd2 d6 7. c3 a6 8. Bb3 Ba7 9. h3 Ne7 10. Re1 Ng6 11. Nf1 Nh5 12. Bg5 Qe8 13. Be3 Ngf4 14. d4 Bxh3 15. gxh3 Qd7 16. N3h2 Nxh3+ 17. Kh1 N5f4 18. Qf3 Rae8 19. dxe5 Bxe3 20. Nxe3 Nd3 21. Rf1 Nxe5 22. Qg3 Ng6 23. Nf5 Nhf4 24. Rae1 Qc6 25. f3 a5 26. Nd4 Qa6 27. Ng4 Qd3 28. Rd1 Qa6 29. Rf2 a4 30. Bc2 a3 31. b3 c5 32. Nf5 Ne2 33. Qh2 1-0

[Event "Cheliabinsk Lozovatsky Memorial-A"]
[Site "Cheliabinsk"]
[Date "2021.01.16"]
[Round "2"]
[White "Yudin, Sergei"]
[Black "Iljin, Timofey"]
[Result "1/2-1/2"]
[WhiteElo "2497"]
[BlackElo "2281"]
[PlyCount "74"]
[EventDate "2021.01.15"]
[EventType "swiss"]
[EventRounds "10"]
[EventCountry "RUS"]
[SourceTitle "CBM 200 Extra"]
[Source "ChessBase"]
[SourceDate "2021.03.31"]
[SourceVersion "1"]
[SourceVersionDate "2021.03.31"]
[SourceQuality "1"]

1. e4 c5 2. Nf3 Nc6 3. Bb5 e6 4. 0-0 Nge7 5. Re1 Ng6 6. c3 d5 7. Qa4 dxe4 8. Bxc6+ bxc6 9. Qxc6+ Bd7 10. Qxe4 Bd6 11. Na3 Rc8 12. d3 Bc6 13. Qe2 0-0 14. Nc4 Bb8 15. Nfe5 Nxe5 16. Nxe5 Bxe5 17. Qxe5 Qxd3 18. Be3 Rfd8 19. Qg3 Rd5 20. h3 Rcd8 21. Rad1 Qf5 22. Rxd5 Qxd5 23. b3 e5 24. Bh6 Qxg2+ 25. Qxg2 Bxg2 26. Bg5 f6 27. Kxg2 fxg5 28. Rxe5 Rd2 29. Rxg5 Rxa2 30. Rxc5 a5 31. c4 Kf7 32. Kf3 Ra3 33. Rb5 a4 34. Ke4 axb3 35. Kd5 Ke7 36. Kc6 b2 37. Rxb2 Rxh3 1/2-1/2

[Event "Cheliabinsk Lozovatsky Memorial-A"]
[Site "Cheliabinsk"]
[Date "2021.01.15"]
[Round "1"]
[White "Solozhenkina, Elizaveta"]
[Black "Yudin, Sergei"]
[Result "1/2-1/2"]
[WhiteElo "2271"]
[BlackElo "2497"]
[PlyCount "83"]
[EventDate "2021.01.15"]
[EventType "swiss"]
[EventRounds "10"]
[EventCountry "RUS"]
[SourceTitle "CBM 200 Extra"]
[Source "ChessBase"]
[SourceDate "2021.03.31"]
[SourceVersion "1"]
[SourceVersionDate "2021.03.31"]
[SourceQuality "1"]

1. e4 d6 2. d4 Nf6 3. Nc3 e5 4. Nf3 Nbd7 5. Bc4 Be7 6. a4 0-0 7. 0-0 c6 8. Re1 h6 9. h3 Re8 10. Be3 exd4 11. Qxd4 Ne5 12. Nxe5 dxe5 13. Qxd8 Rxd8 14. a5 Be6 15. Bxe6 fxe6 16. f3 Nd7 17. Red1 Bc5 18. Kf2 Kf8 19. Bxc5+ Nxc5 20. Rxd8+ Rxd8 21. Rd1 Rxd1 22. Nxd1 Ke7 23. Ke3 b5 24. axb6 axb6 25. Nf2 b5 26. Nd3 Kd6 27. Nxc5 Kxc5 28. h4 g6 29. g3 Kd6 30. b4 Ke7 31. Kf2 Kf6 32. Kg2 Ke7 33. Kh3 Kf7 34. Kg4 Kf6 35. c3 Kf7 36. f4 Kf6 37. h5 gxh5+ 38. Kxh5 exf4 39. gxf4 Kg7 40. Kg4 Kg6 41. Kh4 Kg7 42. Kg4 1/2-1/2

[Event "Chennai op 12th"]
[Site "Chennai"]
[Date "2020.01.21"]
[Round "6"]
[White "Yudin, Sergei"]
[Black "Harshavardhan, GB."]
[Result "1-0"]
[WhiteElo "2508"]
[BlackElo "2343"]
[PlyCount "106"]
[EventDate "2020.01.18"]
[EventType "swiss"]
[EventRounds "10"]
[EventCountry "IND"]
[SourceTitle "CBM 194 Extra"]
[Source "ChessBase"]
[SourceDate "2020.03.31"]
[SourceVersion "1"]
[SourceVersionDate "2020.03.31"]
[SourceQuality "1"]

1. e4 e5 2. Nf3 Nc6 3. Bc4 Nf6 4. d3 Be7 5. 0-0 0-0 6. Re1 d6 7. a4 Kh8 8. h3 Ng8 9. Nc3 f5 10. Nd5 fxe4 11. dxe4 Be6 12. a5 a6 13. c3 Qd7 14. Be3 Nf6 15. Nd2 Bg8 16. b4 Nxd5 17. Bxd5 Nd8 18. c4 c6 19. Bxg8 Kxg8 20. c5 Qe6 21. cxd6 Bxd6 22. Rb1 Nf7 23. Qc2 Be7 24. Nb3 Rad8 25. Bb6 Rd7 26. Red1 Rxd1+ 27. Rxd1 Bxb4 28. Bc5 Bxc5 29. Nxc5 Qg6 30. Qb3 h5 31. Rd7 Kh8 32. Rxb7 Nd6 33. Rd7 Nb5 34. Qg3 Qxg3 35. fxg3 Nd4 36. Nd3 Re8 37. Ra7 Rd8 38. Nxe5 Re8 39. Nf3 Nb3 40. Rxa6 c5 41. Rc6 Nxa5 42. Rxc5 Nb7 43. Rxh5+ Kg8 44. e5 Nc5 45. Rh4 Nd3 46. Re4 Rc8 47. Rd4 Rc1+ 48. Kh2 Nc5 49. Ng5 Kf8 50. Rd8+ Ke7 51. Rg8 Ne6 52. Nxe6 Kxe6 53. Rxg7 Kxe5 1-0

[Event "Chennai op 12th"]
[Site "Chennai"]
[Date "2020.01.20"]
[Round "4"]
[White "Yudin, Sergei"]
[Black "Rathnakaran, Kantholi"]
[Result "1-0"]
[WhiteElo "2508"]
[BlackElo "2329"]
[PlyCount "67"]
[EventDate "2020.01.18"]
[EventType "swiss"]
[EventRounds "10"]
[EventCountry "IND"]
[SourceTitle "CBM 194 Extra"]
[Source "ChessBase"]
[SourceDate "2020.03.31"]
[SourceVersion "1"]
[SourceVersionDate "2020.03.31"]
[SourceQuality "1"]

1. e4 e6 2. d4 d5 3. Nd2 Nf6 4. e5 Nfd7 5. Bd3 c5 6. c3 Nc6 7. Ne2 cxd4 8. cxd4 f6 9. exf6 Nxf6 10. 0-0 Bd6 11. Nf3 Qc7 12. Nc3 a6 13. h3 0-0 14. Be3 Bd7 15. Rc1 Rae8 16. Na4 Re7 17. Ne5 Be8 18. f4 Nh5 19. a3 g5 20. Qg4 Nf6 21. Qxg5+ Rg7 22. Qh4 Be7 23. Qe1 Kh8 24. Nc5 Rfg8 25. Rc2 Bxc5 26. dxc5 d4 27. Bc1 Nxe5 28. Qxe5 Qd8 29. f5 Bc6 30. Rff2 Nd7 31. Qxd4 e5 32. Qd6 Nxc5 33. Qxc5 Qxd3 34. Bh6 1-0